[Event "World op"]
[Site "Philadelphia"]
[Date "1998.??.??"]
[Round "9"]
[White "Shaked, Tal"]
[Black "Rubenchik, Rodion"]
[Result "1/2-1/2"]
[WhiteElo "2535"]
[BlackElo "2285"]

1.e4 c5 2.Nf3 d6 3.Bb5+ Nd7 4.d4 Nf6 5.Nc3 a6 6.Bxd7+ Nxd7 7.O-O cxd4 8.Qxd4 e6
9.Rd1 Qc7 10.Be3 Ne5 11.Nxe5 dxe5 12.Qb6 Qxb6 13.Bxb6 Bd7 14.Rd3 Bc6 15.Rad1 Be7
16.f3 f6 17.b3 Kf7 18.Nb1 a5 19.Nd2 Rac8 20.a4 h5 21.c4  1/2-1/2

[Event "Plzen opJ-C"]
[Site "Plzen"]
[Date "1998.??.??"]
[Round "4"]
[White "Hallerova, Eva"]
[Black "Piza, Vlastimil"]
[Result "1/2-1/2"]
[WhiteElo "2145"]
[BlackElo "2305"]

1.e4 c5 2.Nf3 d6 3.Bb5+ Bd7 4.Bxd7+ Nxd7 5.O-O Ngf6 6.Re1 g6 7.c3 Bg7 8.d4 O-O
9.Bg5 h6 10.Bh4 g5 11.Bg3 Nh5 12.d5 Nxg3 13.hxg3 b5 14.Nbd2 Rb8 15.Rb1 e6
16.Nf1 Nf6 17.dxe6 fxe6 18.e5 Nd5 19.Qe2 dxe5 20.Nxe5 Qc7 21.Ng4 Rfe8 22.Nd2 c4
23.Rbd1 h5 24.Ne3 Nf6 25.Nc2 h4 26.gxh4 gxh4 27.Ne4 Nd5 28.Qh5 Qf4 29.Ng5 Qf5
30.Rxd5 Qxd5 31.Qf7+ Kh8 32.Qh5+  1/2-1/2

[Event "Plzen opJ-C"]
[Site "Plzen"]
[Date "1998.??.??"]
[Round "6"]
[White "Michalek, Jan"]
[Black "Stets, Dmitry"]
[Result "1/2-1/2"]
[WhiteElo "2300"]
[BlackElo "2435"]

1.e4 c5 2.Nf3 d6 3.Bb5+ Nd7 4.O-O a6 5.Bxd7+ Bxd7 6.d4 cxd4 7.Qxd4 e5 8.Qd3 h6
9.c4 Nf6 10.Nc3 Be7 11.a4 O-O 12.a5 Bc6 13.Ne1  1/2-1/2

[Event "Plzen opJ-C"]
[Site "Plzen"]
[Date "1998.??.??"]
[Round "7"]
[White "Hallerova, Eva"]
[Black "Marik, P."]
[Result "1/2-1/2"]
[WhiteElo "2145"]
[BlackElo "2060"]

1.e4 c5 2.Nf3 d6 3.Bb5+ Bd7 4.Bxd7+ Qxd7 5.O-O Nf6 6.Re1 Nc6 7.c3 g6 8.d4 cxd4
9.cxd4 Bg7 10.Nc3 O-O 11.Be3 Rfd8 12.d5 Ne5 13.Nxe5 dxe5 14.Qe2 e6 15.Bg5 h6
16.Bxf6 Bxf6 17.dxe6 Qxe6 18.Nd5 Rdc8 19.Rac1 Bg5 20.Rc7 Rab8 21.Rc3  1/2-1/2

[Event "Porto San Giorgio op"]
[Site "Porto San Giorgio"]
[Date "1998.??.??"]
[Round "4"]
[White "Glek, Igor V"]
[Black "Vera, Reynaldo"]
[Result "1-0"]
[WhiteElo "2565"]
[BlackElo "2535"]

1.e4 c5 2.Nf3 d6 3.Bb5+ Bd7 4.Bxd7+ Qxd7 5.c4 Nc6 6.d4 cxd4 7.Nxd4 Nf6 8.Nc3 g6
9.Nde2 Bg7 10.O-O O-O 11.f3 a6 12.a4 Rfc8 13.b3 Qd8 14.Kh1 Nd7 15.Rb1 Nc5
16.Bg5 Rab8 17.Qe1 h6 18.Be3 Kh7 19.f4 Na5 20.Bxc5 Rxc5 21.Nd5 Nc6 22.f5 e6
23.fxe6 fxe6 24.Ndf4 Re5 25.Ng1 Qe8 26.Nf3 Rc5 27.Qd1 Rd8 28.Nd3 Rh5 29.g4 Rc5
30.Nxc5 dxc5 31.Qe2 Rd7 32.Rbd1 Rf7 33.Rf2 Rf4 34.h3 g5 35.Kg2 Qg6 36.Rd7 Rxe4
37.Qd2 e5 38.Rd6 Bf6 39.Nh4 gxh4 40.Rfxf6 Rd4 41.Rd7+  1-0

[Event "Porto San Giorgio op"]
[Site "Porto San Giorgio"]
[Date "1998.??.??"]
[Round "4"]
[White "Sedina, Elena"]
[Black "Pipitone, Antonio"]
[Result "1-0"]
[WhiteElo "2380"]
[BlackElo "2050"]

1.e4 c5 2.Nf3 d6 3.Bb5+ Bd7 4.Bxd7+ Qxd7 5.c4 Nc6 6.d4 cxd4 7.Nxd4 Nf6 8.Nc3 g6
9.f3 Bg7 10.Be3 O-O 11.O-O Rac8 12.b3 Rfd8 13.Qd2 e6 14.Rad1 a6 15.Nde2 Qe7
16.Bg5 Qf8 17.Qf4 Nh5 18.Qh4 f6 19.Be3 Bh6 20.Bxh6 Qxh6 21.f4 Qf8 22.f5 Re8
23.fxg6 hxg6 24.g4 Nf4 25.Nxf4 g5 26.Qf2 gxf4 27.Qxf4 Ne5 28.Qxf6 Nxg4 29.Qg6+ Qg7
30.Qxg7+ Kxg7 31.Rxd6 Re7 32.Rd3 Kh6 33.Rh3+ Kg5 34.Rg3 Kh5 35.Ne2 Ne5 36.Rf6 Ng4
37.Nf4+ Kg5 38.e5  1-0

[Event "Mitropa Cup"]
[Site "Portoroz"]
[Date "1998.??.??"]
[Round "4"]
[White "Franzen, Josef"]
[Black "Nikolac, Juraj"]
[Result "1/2-1/2"]
[WhiteElo "2320"]
[BlackElo "2450"]

1.e4 c5 2.Nf3 d6 3.Bb5+ Bd7 4.Bxd7+ Qxd7 5.c4 Nc6 6.d4 cxd4 7.Nxd4 Nf6 8.Nc3 g6
9.f3 Bg7 10.Be3 O-O 11.O-O Rac8 12.b3 a6 13.Qd3 Qd8 14.Rac1 Nd7 15.Rfd1 Qa5
16.Qd2 Rfe8 17.Kh1 b5 18.cxb5 Nxd4 19.Bxd4 axb5 20.Bxg7 Kxg7 21.Qb2 f6 22.Nd5  1/2-1/2

[Event "RUS-ch sf"]
[Site "Pskov"]
[Date "1998.??.??"]
[Round "11"]
[White "Varavin, Viktor"]
[Black "Morozov, Dmitry"]
[Result "0-1"]
[WhiteElo "2445"]
[BlackElo "2310"]

1.e4 c5 2.Nf3 d6 3.Bb5+ Nc6 4.O-O Bd7 5.Re1 Nf6 6.c3 a6 7.Bf1 Bg4 8.h3 Bxf3
9.Qxf3 g6 10.d3 Bg7 11.Na3 O-O 12.Qg3 b5 13.Qh4 Rb8 14.Bh6 b4 15.Nc4 Nd7
16.Bxg7 Kxg7 17.Rad1 bxc3 18.bxc3 Nb6 19.d4 cxd4 20.cxd4 Nxc4 21.Bxc4 Rb4
22.Bxa6 Nxd4 23.Rc1 Qa5 24.Bf1 f6 25.a3 Rb7 26.Re3 Rfb8 27.Qg4 Nb3 28.Rcc3 Nc5
29.Bc4 Rb1+ 30.Kh2 Re1 31.f4 Rxe3 32.Rxe3 Qd2 33.Qf3 Qd4 34.Be2 Rb1 35.h4 e5
36.h5 exf4 37.Qxf4 g5 38.Qf3 Qe5+ 39.g3 Rb2 40.Kh3 Rd2 41.Bc4 Rd4  0-1

[Event "CRO-Cup"]
[Site "Pula"]
[Date "1998.??.??"]
[Round "2"]
[White "Arapovic, Vitomir"]
[Black "Cvitan, Ognjen"]
[Result "1/2-1/2"]
[WhiteElo "2435"]
[BlackElo "2560"]

1.e4 c5 2.Nf3 d6 3.Bb5+ Bd7 4.Bxd7+ Qxd7 5.O-O Nf6 6.e5 dxe5 7.Nxe5 Qc8 8.Nc3 Nc6
9.Nxc6 Qxc6 10.Qe2 e6 11.b3 Be7 12.Bb2 O-O 13.d3 Rfd8 14.a4 Rd7 15.f4 Rad8
16.Qf3 Qxf3  1/2-1/2

[Event "Pula op"]
[Site "Pula"]
[Date "1998.??.??"]
[Round "5"]
[White "Grosar, Aljosa"]
[Black "Delchev, Aleksander"]
[Result "1/2-1/2"]
[WhiteElo "2470"]
[BlackElo "2545"]

1.e4 c5 2.Nf3 d6 3.Bb5+ Bd7 4.Bxd7+ Qxd7 5.O-O Nf6 6.e5 dxe5 7.Nxe5 Qd6 8.d4 Qxd4
9.Qxd4 cxd4 10.Rd1 g6 11.Na3 Nbd7 12.Nxd7 Nxd7 13.Nb5 Rc8 14.Nxd4 Bg7 15.Be3 a6
16.c3 Ne5 17.Bg5 h6 18.Bh4 Nc4 19.Rab1 Rc7 20.Bg3 Rd7 21.Ne2 Nd2 22.Rbc1 O-O
23.Nd4 Nc4 24.b3 Nb6 25.Ne2 Rfd8 26.Rxd7 Rxd7 27.Bf4 Nd5 28.Bd2 Nb4 29.Be1 Nxa2
30.Rc2 Rd1 31.Kf1 Ra1 32.b4 h5 33.f3 Bh6 34.f4 e5 35.g3 e4 36.Kf2 e3+ 37.Kxe3 Nxb4
38.cxb4 Rxe1 39.b5 axb5 40.Rb2 Rd1 41.Rxb5 Rd7 42.Nc3 f5 43.Nd5 Kf7 44.Kd4 Ke6
45.Kc4 Bf8 46.Rb6+ Rd6 47.Nc7+ Kd7 48.Rxb7 Rc6+ 49.Kd5 Rc5+ 50.Kd4 Rxc7 51.Rxc7+ Kxc7
52.Ke5 h4 53.Kf6 hxg3 54.hxg3  1/2-1/2

[Event "Pula op"]
[Site "Pula"]
[Date "1998.??.??"]
[Round "6"]
[White "Kosanski, Stanko"]
[Black "Cvitan, Ognjen"]
[Result "1/2-1/2"]
[WhiteElo "2365"]
[BlackElo "2560"]

1.e4 c5 2.Nf3 d6 3.Bb5+ Bd7 4.Bxd7+ Qxd7 5.O-O Nf6 6.Re1 Nc6 7.c4 g6 8.b3 Bg7
9.Bb2 O-O 10.d4 cxd4  1/2-1/2

[Event "CRO-chT2"]
[Site "Pula"]
[Date "1998.??.??"]
[Round "6"]
[White "Hodak, Stevo"]
[Black "Banusic, Zeljko"]
[Result "1/2-1/2"]
[WhiteElo "2200"]
[BlackElo "2240"]

1.e4 c5 2.Nf3 d6 3.Bb5+ Bd7 4.Bxd7+ Qxd7 5.O-O Nc6 6.Re1 g6 7.c3 Bg7 8.d4 Nf6
9.Bg5 cxd4 10.cxd4 O-O 11.Nc3 e6 12.h3 h6 13.Bh4 Nh5 14.d5 exd5 15.exd5 Ne5
16.Nxe5 Bxe5 17.Qg4 Qxg4 18.hxg4 Nf4 19.Bg3 Rac8 20.Bxf4 Bxf4 21.Re7 Rb8
22.Kf1 Rfe8 23.Rae1 Kf8 24.Rxe8+ Rxe8 25.Rxe8+ Kxe8 26.Ke2 Be5 27.Nd1 Ke7
28.Kd3 Kd7 29.Ke4 Bf6 30.b3 Bd8 31.f4 Ba5 32.Nf2 Ke7 33.Nd3 Bd2 34.a4 Bc3
35.b4 Bd2 36.b5 Kd7 37.Nb2 Bb4 38.Nc4 Kc7 39.f5 Kd7 40.fxg6 fxg6 41.Kf4 Ke7
42.Ke4 Kf6  1/2-1/2

[Event "ISL-chT9899"]
[Site "Reykjavik"]
[Date "1998.??.??"]
[Round "?"]
[White "Karlsson, Agust S"]
[Black "Arnason, Jon L"]
[Result "0-1"]
[WhiteElo "2305"]
[BlackElo "2529"]

1.e4 c5 2.Nf3 d6 3.Bb5+ Bd7 4.Bxd7+ Nxd7 5.O-O Ngf6 6.Re1 e6 7.c4 Ne5 8.d3 Be7
9.Nc3 O-O 10.a3 Nfd7 11.b4 Bf6 12.Bb2 Nxf3+ 13.Qxf3 Bd4 14.Rab1 f5 15.Nd1 Ne5
16.Qh3 Qg5 17.Bc1 f4 18.Qxe6+ Kh8 19.Qh3 Rf6 20.Rb3 Rh6 21.Qg3 fxg3 22.Bxg5 gxf2+
23.Nxf2 Rg6  0-1

[Event "Rhein an Main op"]
[Site "Rhein"]
[Date "1998.??.??"]
[Round "3"]
[White "Chandler, Patrick"]
[Black "Rechel, Bernd"]
[Result "1-0"]
[WhiteElo "2195"]
[BlackElo "2395"]

1.e4 c5 2.Nf3 d6 3.Bb5+ Nd7 4.c4 Nf6 5.Nc3 g6 6.O-O Bg7 7.d3 O-O 8.Rb1 a6
9.Ba4 Nb6 10.Bc2 e6 11.b3 d5 12.Bb2 d4 13.Ne2 Nbd7 14.b4 e5 15.Ba3 cxb4 16.Bxb4 Re8
17.Nd2 Bf8 18.Bxf8 Rxf8 19.h3 Nh5 20.f4 Nxf4 21.Nxf4 exf4 22.Rxf4 Nc5 23.Nb3 Ne6
24.Rf2 a5 25.Qd2 Bd7 26.Nc1 Bc6 27.Ne2 Qd6 28.Rbf1 b5 29.cxb5 Bxb5 30.Bb3 a4
31.Bd5 Bc6 32.Bc4 Kg7 33.Rf6 Qc5 34.Nf4 Nd8 35.Qf2 Ra7 36.Qg3 Bxe4 37.dxe4 d3+
38.Kh1 Qxc4 39.Nh5+ Kg8 40.Rd6 Ra5 41.Nf6+ Kg7 42.Rxd3 Ne6 43.Rdf3 Nd4 44.R3f2 Ne2
45.Qe3 Nc3 46.Ng4 Nxe4 47.Rf4 f5 48.Rc1 Qb4 49.Rxe4 fxe4 50.a3 Qb2 51.Rc7+ Kg8
52.Qxe4 Rh5 53.Kh2 Qd2 54.Qe6+ Kh8 55.Rc4 Qd5 56.Qa6 Rg5 57.Rc8 Rf5 58.Rxf8+ Rxf8
59.Qxa4 h5 60.Qb4 Rc8 61.Qb2+  1-0

[Event "SLO-chTJ"]
[Site "Rogaska Slatina"]
[Date "1998.??.??"]
[Round "?"]
[White "Gomboc, Miha"]
[Black "Podkriznik, Gregor"]
[Result "1-0"]
[WhiteElo "2120"]
[BlackElo "2350"]

1.e4 c5 2.Nf3 d6 3.Bb5+ Bd7 4.Bxd7+ Qxd7 5.c4 Nc6 6.Nc3 g6 7.d4 cxd4 8.Nxd4 Bg7
9.Nde2 Nf6 10.O-O O-O 11.Bg5 Qe6 12.Bxf6 Bxf6 13.b3 Bg7 14.Qd2 Qe5 15.Rad1 Rfd8
16.f4 Qc5+ 17.Kh1 a6 18.Nd5 e6 19.Ne3 b5 20.Rc1 Rac8 21.Ng4 f5 22.exf5 Qxf5
23.h3 d5 24.cxb5 axb5 25.Rxc6 Rxc6 26.Nd4 Bxd4 27.Nh6+ Kh8 28.Nxf5 Bc3 29.Qd3 exf5
30.Qxb5 Re6 31.Rd1 d4 32.a4 Re3 33.Qb6 Ree8 34.Rd3 Rb8 35.Qf6+ Kg8 36.Rxc3 dxc3
37.Qxc3 Re4 38.a5 Reb4 39.a6 Rxb3 40.a7 Rb1+ 41.Kh2 Ra8 42.Qd4 Rb5 43.Qc4+ Kg7
44.Qxb5 Rxa7 45.Qe5+  1-0

[Event "SWE-ch qualB"]
[Site "Ronneby"]
[Date "1998.??.??"]
[Round "?"]
[White "Blomstrom, Lars"]
[Black "Hogberg, Jan"]
[Result "1-0"]
[WhiteElo "2160"]
[BlackElo "2185"]

1.e4 c5 2.Nf3 d6 3.Bb5+ Bd7 4.Bxd7+ Nxd7 5.O-O g6 6.c3 Bg7 7.d4 e6 8.Na3 Ne7
9.Nc4 Nb6 10.dxc5 dxc5 11.Nd6+ Kf8 12.Ng5  1-0

[Event "SWE-ch"]
[Site "Ronneby"]
[Date "1998.??.??"]
[Round "2"]
[White "Lejlic, Samir"]
[Black "Eriksson, Johan"]
[Result "1-0"]
[WhiteElo "2415"]
[BlackElo "2380"]

1.e4 c5 2.Nf3 d6 3.Bb5+ Bd7 4.Bxd7+ Nxd7 5.O-O Ngf6 6.Re1 e6 7.c3 Be7 8.d4 cxd4
9.cxd4 d5 10.e5 Ne4 11.Nfd2 Nxd2 12.Bxd2 Qb6 13.Qg4 Qxb2 14.Bc3 Qc2 15.Qxg7 Rf8
16.Qh6 Rc8 17.Bd2 Qd3 18.Qe3 Qxe3 19.Rxe3 h5 20.Rc3 Rxc3 21.Nxc3 Nb6 22.Rb1 Nc4
23.Bh6 Rh8 24.Bf4 b6 25.Nb5 Kd7 26.Nxa7 Ra8 27.Nb5 Rxa2 28.g3 Kc6 29.h4 Ra5
30.Nd6 Bxd6 31.exd6 b5 32.g4 hxg4 33.h5 f6 34.Kg2 Ra7 35.Re1 b4 36.Rxe6 b3
37.Re7 Ra8 38.Rc7+ Kb6 39.Bc1 Rd8 40.h6 Rxd6 41.Rc8 Rd7 42.Rb8+ Kc6 43.Rxb3 Nd6
44.Rg3 f5 45.Rc3+ Kb6 46.Bf4 Ne4 47.Rc7 Rd8 48.Rf7  1-0

[Event "SWE-ch"]
[Site "Ronneby"]
[Date "1998.??.??"]
[Round "5"]
[White "Brynell, Stellan"]
[Black "Astrom, Robert"]
[Result "1/2-1/2"]
[WhiteElo "2475"]
[BlackElo "2460"]

1.e4 c5 2.Nf3 d6 3.Bb5+ Nc6 4.O-O Bd7 5.c3 Nf6 6.Re1 a6 7.Bxc6 Bxc6 8.d4 Bxe4
9.Bg5 Bf5 10.Nbd2 e6 11.dxc5 dxc5 12.Qa4+ b5 13.Qf4 Be7 14.Bxf6 gxf6 15.Ne4 Bxe4
16.Qxe4 O-O 17.a4 Rc8 18.Qb7 bxa4 19.Red1 Qc7 20.Rd7 Qxb7 21.Rxb7 Rfe8 22.Nd2 a3
23.Rxa3 Rcd8 24.Nf1 Rb8  1/2-1/2

[Event "Roskilde op"]
[Site "Roskilde"]
[Date "1998.??.??"]
[Round "1"]
[White "Nilsson, Nils Specht"]
[Black "Van der Sterren, Paul"]
[Result "1/2-1/2"]
[WhiteElo "2160"]
[BlackElo "2550"]

1.e4 c5 2.Nf3 d6 3.Bb5+ Bd7 4.Bxd7+ Qxd7 5.O-O g6 6.c3 Bg7 7.d4 Nf6 8.Qe2 O-O
9.Bg5 cxd4 10.cxd4 d5 11.Bxf6 Bxf6 12.exd5 Qxd5 13.Nc3 Qa5 14.Qe4 Nc6 15.Nd5 Rad8
16.Nxf6+ exf6 17.a3 Rfe8 18.Qf4 Kg7 19.b4 Qd5 20.Rfe1 g5 21.Qg4 Nxd4 22.Nxd4 Qxd4
23.Qxd4 Rxe1+ 24.Rxe1 Rxd4 25.g3 Kf8 26.Rc1 Ke7 27.Rc8 g4 28.h4 gxh3 29.Kh2 Kd7
30.Rf8 Ke6 31.Re8+ Kd7 32.Rf8 Ke7 33.Rb8 Rd7 34.Kxh3 Kd6 35.Kg4 Kc6 36.f4 Kb5
37.Kf5 Ka4 38.Kxf6 Kxa3 39.Rf8 Kxb4 40.Rxf7 Rxf7+ 41.Kxf7 a5 42.f5 a4 43.f6 a3
44.Kg8 a2 45.f7 a1=Q 46.f8=Q+ Kb5 47.Qe8+ Kb6 48.Kxh7  1/2-1/2

[Event "Balazs mem op"]
[Site "Salgotarjan"]
[Date "1998.??.??"]
[Round "2"]
[White "Vujosevic, Vladimir"]
[Black "Csiszar, Zoltan"]
[Result "1-0"]
[WhiteElo "2370"]
[BlackElo "2200"]

1.e4 c5 2.Nf3 d6 3.Bb5+ Bd7 4.Bxd7+ Nxd7 5.O-O g6 6.c3 Bg7 7.d4 e5 8.dxe5 dxe5
9.a4 Ne7 10.Na3 O-O 11.Be3 Qc7 12.Qb3 a6 13.Nc4 b6 14.Rfd1 Rab8 15.Rd2 Nc6
16.Rad1 Nf6 17.Bg5 b5 18.axb5 axb5 19.Ne3 Nxe4 20.Rd7 Qc8 21.Qd5 Nxg5 22.Nxg5 Nd8
23.h4 h6 24.Nf3 Nc6 25.h5 g5 26.Nf5 Kh8 27.Nxg7 Kxg7 28.Nxe5 Nd8 29.Qd6 Re8
30.Qg6+  1-0

[Event "Salsomaggiore Terme op"]
[Site "Salsomaggiore Terme"]
[Date "1998.??.??"]
[Round "3"]
[White "Golubovic, Boris"]
[Black "Mrdja, Milan"]
[Result "1-0"]
[WhiteElo "2450"]
[BlackElo "2380"]

1.e4 c5 2.Nf3 d6 3.Bb5+ Bd7 4.Bxd7+ Qxd7 5.O-O Nf6 6.e5 dxe5 7.Nxe5 Qc7 8.d4 e6
9.Bf4 Bd6 10.Na3 Bxe5 11.Bxe5 Qc6 12.dxc5 Nbd7 13.Bxf6 gxf6 14.Nc4 Nxc5 15.Qd4 Rg8
16.Ne3 Ke7 17.Rfe1 Rad8 18.Qf4 Nd7 19.Rad1 Ne5 20.Qb4+ Ke8 21.Kh1 Rc8 22.Rd6 Qc7
23.Red1 f5 24.Qe1 Nc4 25.Nd5 Qxd6 26.Nf6+ Ke7 27.Nxg8+ Rxg8 28.Rxd6 Nxd6
29.Qa5 Rc8 30.c3 a6 31.h3 Rc6 32.Kh2 f6 33.b3 b5 34.Qb4 e5 35.f3 f4 36.Kg1 Ke6
37.Kf2 f5 38.g3 fxg3+ 39.Kxg3 f4+ 40.Kf2 h5 41.Ke2 h4 42.Kd2 Rc8 43.Qa5 Rg8
44.Qxa6 Rg2+ 45.Ke1 e4 46.fxe4 f3  1-0

[Event "Samobor"]
[Site "Samobor"]
[Date "1998.??.??"]
[Round "7"]
[White "Damjanovic, Mato"]
[Black "Zamostni, Jan"]
[Result "1-0"]
[WhiteElo "2330"]
[BlackElo "2245"]

1.e4 c5 2.Nf3 d6 3.Bb5+ Bd7 4.Bxd7+ Nxd7 5.O-O Ngf6 6.Re1 e6 7.c4 e5 8.d3 h6
9.Nh4 g6 10.g3 Nb8 11.Nc3 Nc6 12.Nd5 Bg7 13.Be3 Nxd5 14.cxd5 Nb8 15.b4 b6
16.bxc5 dxc5 17.a4 Nd7 18.Qd2 Bf6 19.Nf3 g5 20.h3 a6 21.Rab1 Rb8 22.Rec1 Be7
23.Nh2 Bd6 24.g4 b5 25.axb5 Rxb5 26.Nf1 Qb6 27.Ra1 Nf6 28.Qa2 Ke7 29.Qxa6  1-0

[Event "San Jose op"]
[Site "San Jose"]
[Date "1998.??.??"]
[Round "1"]
[White "Palacios, E."]
[Black "Gonzalvo Lara, Victor"]
[Result "1/2-1/2"]
[WhiteElo "2245"]
[BlackElo "1970"]

1.e4 c5 2.Nf3 d6 3.Bb5+ Bd7 4.Bxd7+ Qxd7 5.O-O Nc6 6.c3 g6 7.d4 cxd4 8.cxd4 Bg7
9.Nc3 Rc8 10.Be3 Na5 11.Rc1 Nc4 12.Nd5 e6 13.Nf4 Ne7 14.Qe2 Nxe3 15.Rxc8+ Nxc8
16.fxe3 O-O 17.Qf2 Qe7 18.Qg3 Nb6 19.Rc1 Rc8 20.Rxc8+ Nxc8 21.h4 Qc7 22.Qf2 Qc1+
23.Kh2 Qb1 24.Nxe6 Qxe4 25.Neg5 Qe7 26.h5 d5 27.hxg6 fxg6 28.Qg3 Nd6 29.Qh3 Bf6
30.Ne6 Nf5 31.Nf4 Nxe3 32.Qc8+ Kf7 33.Qh3 Kg8 34.Qc8+ Kf7  1/2-1/2

[Event "ECI IMJ 25th"]
[Site "Sas Van Gent"]
[Date "1998.??.??"]
[Round "2"]
[White "Klip, Hans"]
[Black "Goormachtigh, Johan"]
[Result "1/2-1/2"]
[WhiteElo "2345"]
[BlackElo "2280"]

1.e4 c5 2.Nf3 d6 3.Bb5+ Nd7 4.c3 Nf6 5.Qe2 a6 6.Ba4 Qc7 7.O-O b5 8.Bc2 Ne5
9.Nxe5 dxe5 10.a4 Rb8 11.axb5 axb5 12.Na3 Bd7 13.b4 cxb4 14.cxb4 e6 15.Bd3 Bxb4
16.Nxb5 Bxb5 17.Bxb5+ Ke7  1/2-1/2

[Event "ECI IMJ 25th"]
[Site "Sas Van Gent"]
[Date "1998.??.??"]
[Round "6"]
[White "Kiik, Kalle"]
[Black "Vanderstricht, Geert"]
[Result "1/2-1/2"]
[WhiteElo "2430"]
[BlackElo "2355"]

1.e4 c5 2.Nf3 d6 3.Bb5+ Bd7 4.Bxd7+ Nxd7 5.O-O Ngf6 6.d3 e6 7.Ng5 d5 8.Qe2 h6
9.Nf3 Qc7 10.e5 Ng8 11.c4 dxc4 12.dxc4 Ne7 13.Nc3 Nc6 14.Nb5 Qb6 15.Qe4 a6
16.Na3 Qc7 17.Re1 g5 18.Bd2 O-O-O 19.Bc3 Be7 20.Nc2 h5 21.Rad1 g4 22.Nd2 Rhg8
23.f4 Nf8 24.Nf1 Ng6 25.g3 Rxd1 26.Rxd1 Rd8 27.Rxd8+ Bxd8 28.Nfe3  1/2-1/2

[Event "Petrov mem"]
[Site "St Petersburg"]
[Date "1998.??.??"]
[Round "1"]
[White "Andreev, Vl"]
[Black "Lugovoi, Aleksei"]
[Result "1/2-1/2"]
[WhiteElo "2325"]
[BlackElo "2540"]

1.e4 c5 2.Nf3 d6 3.Bb5+ Bd7 4.Bxd7+ Qxd7 5.O-O Nc6 6.d4 cxd4 7.Nxd4 Nf6 8.Nc3 e6
9.Bg5 Be7 10.Qd3 O-O 11.Nxc6 Qxc6 12.Rae1 a6 13.Re3 b5 14.Rfe1 Rfe8 15.Rh3 Qc4
16.Nb1 Rac8 17.Qxc4 Rxc4 18.Bxf6 Bxf6 19.c3 Rd8 20.Rd3 Kf8 21.g3 g5 22.f3 h5
23.Kg2 g4 24.e5 dxe5 25.Rxd8+ Bxd8 26.Rxe5 h4 27.Nd2 h3+ 28.Kf1 Ra4 29.a3 Bb6
30.fxg4 Rxg4 31.Rh5 Kg7 32.Nf3 f5 33.Rxh3 Be3 34.Ne5 Re4 35.Nd3 Bg5 36.Nc5 Re5
37.Nb3 Re3 38.Rh5 Bf6 39.Kf2 Rd3 40.Ke2 Rd5 41.g4 Kg6 42.Rh3 fxg4 43.Rg3 Rg5
44.Ke3 Be5 45.Rg2 Kh5 46.Nc5 Rg6 47.Nd3 Bd6 48.Nf4+ Bxf4+ 49.Kxf4 Kh4 50.Ke5 Kh3
51.Rf2 Rg8 52.Kxe6 Re8+ 53.Kf7 Re1  1/2-1/2

[Event "Petrov mem"]
[Site "St Petersburg"]
[Date "1998.??.??"]
[Round "2"]
[White "Alavkin, Arseny"]
[Black "Yakovich, Yuri"]
[Result "1/2-1/2"]
[WhiteElo "2440"]
[BlackElo "2570"]

1.e4 c5 2.Nf3 d6 3.Bb5+ Nd7 4.d4 Nf6 5.Nc3 a6 6.Bxd7+ Nxd7 7.Bg5 h6 8.Bh4 g5
9.Bg3 Bg7 10.h3 cxd4 11.Nxd4 Qb6 12.Nf5 Bxc3+ 13.bxc3 Nf6 14.Qd3 Qc6 15.O-O Bxf5
16.exf5 Rc8 17.Rfe1 Kd7 18.Be5 Rhe8 19.Rad1 Kc7 20.Bg3 Kd8 21.Be5 Nd7 22.Bg3 Qc4
23.Qf3 Rc6 24.Rb1 b5 25.Re3 Nf6 26.Rd1 Kc7 27.Rd4 Qxa2 28.Qe2 Kd7 29.Qd3 Rec8
30.Qe2 Re8 31.Qd3 Rec8 32.Qe2  1/2-1/2

[Event "Petrov mem"]
[Site "St Petersburg"]
[Date "1998.??.??"]
[Round "3"]
[White "Kastanieda, Georgiy"]
[Black "Jobava, Baadur"]
[Result "1-0"]
[WhiteElo "2395"]
[BlackElo "2190"]

1.e4 c5 2.Nf3 d6 3.Bb5+ Bd7 4.Bxd7+ Qxd7 5.c4 Nf6 6.Nc3 Nc6 7.O-O e6 8.d4 cxd4
9.Nxd4 Be7 10.b3 O-O 11.Bb2 Rfd8 12.Re1 a6 13.a4 Qc7 14.Re2 Rac8 15.Rd2 Qb6
16.h3 h6 17.Rb1 Qa5 18.Rd3 Nb4 19.Rg3 Kf8 20.Qd2 Rd7 21.Rd1 Nc6 22.Qe3 Rcd8
23.Nce2 Qc7 24.Nxe6+ fxe6 25.Nf4 Kf7 26.Rxg7+ Kxg7 27.Qg3+ Kh8 28.Nxe6 Rg8
29.Qf4 Rg6 30.Nxc7 Rxc7 31.c5 Bd8 32.Rxd6 Rf7 33.e5 Bc7 34.exf6  1-0

[Event "Petrov mem"]
[Site "St Petersburg"]
[Date "1998.??.??"]
[Round "3"]
[White "Andreev, Vl"]
[Black "Popov, Valerij"]
[Result "0-1"]
[WhiteElo "2325"]
[BlackElo "2505"]

1.e4 c5 2.Nf3 d6 3.Bb5+ Nd7 4.d4 Nf6 5.O-O Nxe4 6.Qe2 Nf6 7.dxc5 e6 8.cxd6 Bxd6
9.Rd1 Qc7 10.Bg5 O-O 11.Nc3 Ne5 12.Bxf6 gxf6 13.Ne4 Be7 14.Nxe5 Qxe5 15.c3 a6
16.Bd3 f5 17.Ng3 Qxe2 18.Bxe2 Rb8 19.Bf3 Rd8 20.Rxd8+ Bxd8 21.Rd1 Be7 22.h3 Kf8
23.c4 Ke8 24.Nh5 h6 25.b3 a5 26.Ng7+ Kf8 27.Nh5 Ra8 28.Rb1 Ra6 29.Nf4 Ke8
30.Kf1 Bd6 31.Nd3 e5 32.Bd5 f6 33.Rc1 Ba3 34.Rc2 Rd6 35.Ke2 f4 36.f3 b6 37.Nf2 Ke7
38.Ne4 Rd8 39.Nc3 Bb4 40.Be4 Bxc3 41.Rxc3 f5 42.Bc2 Rg8 43.Kf2 Be6 44.Rd3 e4
45.Rd4 Kf6 46.Rd6 e3+ 47.Kf1 Rb8 48.Bd3 Ke7 49.Rd4 Rd8 50.Rxd8 Kxd8 51.Ke2 Ke7
52.Kd1 Kf6 53.Kc2 Kg5 54.Kd1 Kf6 55.Kc2 Kg5 56.Kd1 a4 57.bxa4 Kh4 58.Ke2 Kg5
59.Kd1 Kf6 60.Kc2 Bd7 61.a5 bxa5 62.Kd1 Ke5 63.Be2 Ba4+ 64.Kc1 Kf6 65.h4 Kg6
66.Bd1 Bxd1 67.Kxd1 h5 68.Ke2 Kf6  0-1

[Event "Petrov mem"]
[Site "St Petersburg"]
[Date "1998.??.??"]
[Round "4"]
[White "Yagupov, Igor"]
[Black "Voitsekhovsky, Stanislav"]
[Result "1/2-1/2"]
[WhiteElo "2450"]
[BlackElo "2540"]

1.e4 c5 2.Nf3 d6 3.Bb5+ Bd7 4.Bxd7+ Qxd7 5.O-O Nc6 6.b3 Nf6 7.Re1 g6 8.c3 Bg7
9.d4 cxd4 10.cxd4 O-O 11.Nc3 Rac8 12.Bb2 Nh5 13.Qd2 f5 14.d5 Ne5 15.Nd4 fxe4
16.Rxe4 Nf6 17.Ne6 Nxe4 18.Nxe4 Bh8 19.f4 Ng4 20.Bxh8 Kxh8 21.Qd4+ Nf6 22.Nxf8 Rxf8
23.Nxf6 Rxf6 24.Qxa7 Rxf4 25.Qe3 Rf5 26.Rd1 Re5 27.Qf3 Qf5 28.Qxf5 gxf5 29.Kf2 Re4
30.Re1 Rxe1 31.Kxe1 Kg7 32.Kd2 Kf6 33.Kd3 Ke5 34.Kc4 f4 35.a4 Ke4 36.a5 Ke3
37.Kb5 Kf2 38.Kb6 Kxg2 39.Kxb7 f3 40.a6 f2 41.a7 f1=Q 42.a8=Q Kxh2 43.Qe8 Qd1
44.b4 Qxd5+ 45.Qc6 Qg2 46.b5 d5 47.Qc7+ Kg1 48.Qxe7 d4+ 49.Ka7 d3 50.Qe1+ Kh2
51.Qh4+ Kg1 52.Qe1+ Kh2 53.Qh4+  1/2-1/2

[Event "RUS-ch U16"]
[Site "St Petersburg"]
[Date "1998.??.??"]
[Round "8"]
[White "Bereslavsky, Mikhail"]
[Black "Maslak, Konstantin"]
[Result "1/2-1/2"]
[WhiteElo "2075"]
[BlackElo "2285"]

1.e4 c5 2.Nf3 d6 3.Bb5+ Nd7 4.d4 Nf6 5.Nc3 a6 6.Bxd7+ Nxd7 7.O-O cxd4 8.Qxd4 e6
9.a4 Qc7 10.Be3 Ne5 11.Nxe5 dxe5 12.Qb6 Qc4 13.a5 Qb4 14.Rfd1 Qxb6 15.Bxb6 Bd7
16.Rd3 Bc6 17.f3 Be7 18.Re1 f6 19.Na2 Kf7 20.Red1 Rhc8 21.c4 Be8 22.Rc3 Bc5+
23.Bxc5 Rxc5 24.b4 Rcc8 25.Kf2 Ke7 26.Ke3 Rd8 27.Rcd3 Rxd3+ 28.Rxd3 Rc8 29.Rc3 Rd8
30.Rd3 Rc8  1/2-1/2

[Event "Petrov mem"]
[Site "St Petersburg"]
[Date "1998.??.??"]
[Round "8"]
[White "Alavkin, Arseny"]
[Black "Chehlov, Aleksander"]
[Result "1/2-1/2"]
[WhiteElo "2440"]
[BlackElo "2290"]

1.e4 c5 2.Nf3 d6 3.Bb5+ Nd7 4.d4 cxd4 5.Qxd4 Nf6 6.O-O e5 7.Qd3 Be7 8.Be3 O-O
9.Nc3 a6 10.Bc4 Qc7 11.Nd2 Nc5 12.Qe2 b5 13.Bd5 Rb8 14.a3 Be6 15.Bxc5 dxc5
16.Bxe6 fxe6 17.a4 c4 18.axb5 axb5 19.Nf3 Bc5 20.Ra6 Rfe8 21.Ng5 Qc8 22.Ra5 Qc6
23.Nf3 Rf8 24.Raa1 Nd7 25.Rad1 h6 26.Kh1 Rb7 27.Nh4 Rf6 28.Nf3 Kh7 29.Rd2 Rf4
30.g3 Rf8 31.Kg2 Qc7 32.h4 Kg8 33.h5 Nf6 34.Nh4 Bd4 35.Ng6 Re8 36.f4 Bxc3
37.bxc3 exf4 38.Rxf4 Qc6 39.Qf3 e5 40.Rf5 Kh7 41.g4 Rc7 42.Re2 Qd6 43.Rf2 Qc6
44.Re2 Qd6 45.Kh2 Kg8 46.Rf2 Rd7 47.g5 hxg5 48.h6 g4 49.Qg3 Re6 50.Kg2 gxh6
51.Qe3 Kg7 52.Nh4 Kh7 53.Re2 Qe7 54.Kg3 Qg7 55.Rh2 Ng8 56.Rhf2 Rf6 57.Qc5 Rdf7
58.Qxe5 Rxf5 59.Qxg7+ Kxg7 60.Nxf5+ Kh7 61.Kxg4 Ne7 62.Rd2 Nxf5 63.exf5 Rg7+
64.Kf4 Rg1 65.Rd7+ Rg7 66.Rd5 Rg2 67.Rxb5 Rxc2 68.Rb7+ Kg8 69.Ke5  1/2-1/2

[Event "Svetla nad Sazavou op-A"]
[Site "Svetla nad Sazavou"]
[Date "1998.??.??"]
[Round "3"]
[White "Kucera, Petr"]
[Black "Vanek, Petr"]
[Result "1-0"]
[WhiteElo "2380"]
[BlackElo "2210"]

1.e4 c5 2.Nf3 d6 3.Bb5+ Bd7 4.Bxd7+ Nxd7 5.O-O Ngf6 6.Re1 g6 7.c3 Bg7 8.d4 cxd4
9.cxd4 O-O 10.Nc3 b5 11.Nxb5 Rb8 12.Nc3 Nb6 13.Qe2 Qc7 14.Bd2 Nc4 15.b3 Nxd2
16.Qxd2 Rfc8 17.Rac1 Qa5 18.h3 Rc7 19.e5 Ne8 20.Ne4 Qd5 21.Rxc7 Nxc7 22.exd6 exd6
23.Qf4 Ne6 24.Qxd6 Qxd6 25.Nxd6 Nxd4 26.Nxd4 Bxd4 27.Rd1 Bg7 28.Nc4 Bf8 29.Rd7 Bc5
30.Kf1 Re8 31.Nd6 Bxd6 32.Rxd6 Re7 33.g4 Kf8 34.Kg2 h6 35.h4 a5 36.Rd5 a4
37.Rd4 axb3 38.axb3 Ke8 39.b4 Re2 40.Kf3 Rb2 41.Ke3 Ke7 42.f3 Ke6 43.Rc4 Ke5
44.Rc5+ Kd6 45.Rb5 Ke6 46.h5 gxh5 47.gxh5 f6 48.Kf4 Rb3 49.Rb6+ Kf7 50.Ke4 Ke7
51.f4 Rh3 52.Rb7+ Kd6 53.Kf5 Rxh5+ 54.Kxf6 Rh1 55.Rh7 Rb1 56.Rxh6 Rxb4 57.f5 Kd5
58.Rh1 Rb6+ 59.Kg7 Rb7+ 60.Kg6 Rb6+ 61.f6 Rb2 62.Rd1+ Ke6 63.Re1+ Kd6 64.f7 Rg2+
65.Kf6 Rf2+ 66.Kg7 Rg2+ 67.Kf8 Kd7 68.Re8 Kc7 69.Re5  1-0